Developing reading skills : beginning /

Guardat en:
Dades bibliogràfiques
Autor principal: Markstein, Linda (Autor)
Format: Llibre
Idioma:anglès
Publicat: Cambridge (Mass.) : Newbury House publishers, 1987
Etiquetes: Afegir etiqueta
Sense etiquetes, Sigues el primer a etiquetar aquest registre!

MARC

LEADER 00000nam a22000007i 4500
001 IT\ICCU\TSA\0326420
003 ItRI
005 20240312193735.0
008 011030s1987 xxu|||||| ||||| |||||c
020 |a 0066324025 
040 |b ita  |c GP 
041 7 |a eng  |2 ISO-639-2 
100 1 |a Markstein, Linda  |0 IT\ICCU\TSAV\172439  |4 aut 
245 1 0 |a Developing reading skills :  |b beginning /  |c Linda Markstein. 
260 |a Cambridge (Mass.) :  |b Newbury House publishers,  |c 1987 
300 |a XI, 162 p. :  |b ill. ;  |c 23 cm. 
942 |2 ddc  |c BK 
952 |0 0  |1 0  |2 ddc  |4 0  |6 810_000000000000000_HIR  |7 1  |9 1018  |a RM  |b RM  |d 2024-03-12  |l 0  |o 810 HIR  |p 528  |r 2024-03-12 19:38:44  |w 2024-03-12  |y BK 
981 1 |6 z01  |a i   |b xxxe  
982 1 |6 z01  |a n 
999 |c 929  |d 929